Les clubs vainqueurs de la Conference League - Statistiques

Statistiques générales
  • Ce quiz a été pris 96 fois
    28 depuis la dernière actualisation
  • Le résultat moyen est 4 sur 5
Statistiques - réponses
Année Club Pays % Correct
2026 Crystal Palace FC Angleterre
92%
2023 West Ham United Angleterre
88%
2025 Chelsea FC Angleterre
85%
2024 Olympiakos FC Grèce
81%
2022 AS Roma Italie
73%
Aucun quiz correspondant
Distribution des résultats
% des personnes avec chaque résultat
Percentile par nombre de réponses
Votre historique - résultats
Vous n’avez pas pris ce quiz depuis la dernière actualisation